000 00752nam a22002292a 4500
001 3177
003 BD-RjUL
005 20211208233705.0
008 160622r19671963dcu b 000 0 eng d
035 _aOCLC ocm00408463 from D960725M
_a(BD-RjUL)3211
040 _aDLC
_cDLC
_dEQO
_dBD-RjUL
_beng
041 _aeng
082 _a322.2091724
_219
_bMIP 1967
100 1 _aMillen, Bruce H.
_910060
245 1 4 _aThe political role of labor in developing countries /
_cBruce H Millen.
260 _aWashington :
_bBrookings Institution,
_cc1963 [Printing 1967].
300 _a148 p. ;
_c24 cm
504 _aIncludes bibliography
650 0 _aLabor unions
_xPolitical activity
_zDeveloping countries
_910061
942 _2ddc
_cBK
999 _c3177
_d3177